000
00349nam a2200145Ia 4500
008
230718s9999 xx 000 0 und d
041
_a
Eng.
082
_a
34505
_b
SED-C
100
_a
Seddiquia Falshw-ud-din
245
0
_a
Code of criminal Proceed
260
_a
Pakistan
_b
Law Bode Publisher
_c
2003
300
_a
812
650
_a
Law
999
_c
28338
_d
28338